| 000 | 01188cam a2200313 i 4500 | ||
|---|---|---|---|
| 001 | 60697 | ||
| 003 | Mx-PuUPA | ||
| 005 | 20221024093719.0 | ||
| 008 | 140415s1995 mx abf gr 000 0 spa d | ||
| 020 | _a968231948X | ||
| 040 |
_aMX-PuUPA _bspa _erda _cMx-PuUPA _dMx-PuUPA |
||
| 041 | 0 | _aspa | |
| 245 | 0 | 0 |
_aProducción estratégica y hegemonía mundial / _cpor Edgar Amador [y otros 10] ; coordinado por Ana Esther Ceceña, Andrés Barreda. |
| 250 | _aPrimera edición | ||
| 264 | 1 |
_aMéxico, D.F. : _bSiglo XXI editores, _c1995 |
|
| 300 |
_a541 páginas, 4 páginas de láminas sin numerar : _bilustraciones, mapas, láminas (principlamente color), gráficas ; _c21 cm |
||
| 336 |
_atexto _2rdacontent _btxt |
||
| 337 |
_asin medio _2rdamedia _bn |
||
| 338 |
_avolumen _2rdacarrier _bnc |
||
| 490 | 0 | _aSociología y política | |
| 650 | 7 |
_aHistoria económica _y1945 _2armarc |
|
| 650 | 7 |
_aCapitalismo _xHistoria _ySiglo XX _2armarc |
|
| 700 | 1 |
_aAmador, Edgar, _eautor |
|
| 700 | 1 |
_aCeceña, Ana Esther, _ecoordinador _95433 |
|
| 700 | 1 |
_aBarreda, Andrés, _ecoordinador |
|
| 942 |
_2ddc _h338.0904 _iP962 _cLI |
||
| 999 |
_c60697 _d60697 |
||